Financial Accounting (Record no. 9488)

MARC details
000 -LEADER
fixed length control field 00838cam a2200265 i 4500
003 - CONTROL NUMBER IDENTIFIER
control field OSt
005 - DATE AND TIME OF LATEST TRANSACTION
control field 20251119143617.0
008 - FIXED-LENGTH DATA ELEMENTS--GENERAL INFORMATION
fixed length control field 140203t20142006enk b 001 0 eng
010 ## - LIBRARY OF CONGRESS CONTROL NUMBER
LC control number 2014003209
020 ## - INTERNATIONAL STANDARD BOOK NUMBER
International Standard Book Number 9781119977155.
020 ## - INTERNATIONAL STANDARD BOOK NUMBER
Canceled/invalid ISBN 9781118896198.
040 ## - CATALOGING SOURCE
Original cataloging agency DDC
Transcribing agency MUST
082 00 - DEWEY DECIMAL CLASSIFICATION NUMBER
Classification number 657 JON 2016.
100 1# - MAIN ENTRY--PERSONAL NAME
Personal name Jones, Michael,
9 (RLIN) 19247
245 10 - TITLE STATEMENT
Title Financial Accounting
250 ## - EDITION STATEMENT
Edition statement 2nd. ed.
264 #1 - PRODUCTION, PUBLICATION, DISTRIBUTION, MANUFACTURE, AND COPYRIGHT NOTICE
Place of production, publication, distribution, manufacture West Sussex;
Name of producer, publisher, distributor, manufacturer John Wiley,
Date of production, publication, distribution, manufacture, or copyright notice 2014
264 #4 - PRODUCTION, PUBLICATION, DISTRIBUTION, MANUFACTURE, AND COPYRIGHT NOTICE
Date of production, publication, distribution, manufacture, or copyright notice 2014
300 ## - PHYSICAL DESCRIPTION
Extent xxii, 522P.:
Dimensions 25 cm;
Other physical details ill,.
338 ## - CARRIER TYPE
Carrier type term volume
504 ## - BIBLIOGRAPHY, ETC. NOTE
Bibliography, etc Includes bibliographical references and index.
650 #0 - SUBJECT ADDED ENTRY--TOPICAL TERM
Topical term or geographic name as entry element Accounting.
9 (RLIN) 1379
776 08 - ADDITIONAL PHYSICAL FORM ENTRY
Relationship information Online version:
Main entry heading Jones, Michael, 1953-
Title Financial accounting
Edition Second edition.
Place, publisher, and date of publication West Sussex : John Wiley and Sons, Inc., [2014]
International Standard Book Number 9781118896181
Record control number (DLC) 2014004608
942 ## - ADDED ENTRY ELEMENTS (KOHA)
Source of classification or shelving scheme Dewey Decimal Classification
Koha item type Open Shelf
Holdings
Withdrawn status Lost status Source of classification or shelving scheme Damaged status Not for loan Home library Current library Source of acquisition Inventory number Total Checkouts Full call number Barcode Date last seen Koha item type
    Dewey Decimal Classification     MUST Main Library MUST Main Library Purchase 24/42348   657 JON 2016. 2024-22580 28/11/2024 Open Shelf
    Dewey Decimal Classification     MUST Main Library MUST Main Library Purchase 24/42349   657 JON 2016. 2024-22581 28/11/2024 Open Shelf